MARC details
| 000 -LEADER |
| campo de control de longitud fija |
02926nam a2200481 i 4500 |
| 001 - NÚMERO DE CONTROL |
| campo de control |
194368 |
| 003 - IDENTIFICADOR DE NÚMERO DE CONTROL |
| campo de control |
SpMaBN |
| 005 - FECHA Y HORA DE LA ÚLTIMA TRANSACCIÓN |
| campo de control |
20250708194013.0 |
| 007 - CAMPO FIJO DE DESCRIPCIÓN FÍSICA--INFORMACIÓN GENERAL |
| campo de control de longitud fija |
ta |
| 008 - DATOS DE LONGITUD FIJA--INFORMACIÓN GENERAL |
| campo de control de longitud fija |
240425s2020 sp a | |||| 001 0 spa |
| 015 ## - NÚMERO DE BIBLIOGRAFÍA NACIONAL |
| Número de bibliografía nacional |
MON20 |
| 017 ## - NÚMERO DE COPYRIGHT O DE DEPÓSITO LEGAL |
| Número de copyright o de depósito legal |
B 1819-2020 |
| Agencia que asigna |
Oficina Depósito Legal Barcelona |
| 020 ## - NÚMERO INTERNACIONAL ESTÁNDAR DEL LIBRO |
| Número Internacional Estándar del Libro |
9788417902230 |
| 035 ## - NÚMERO DE CONTROL DEL SISTEMA |
| Número de control de sistema |
(OCoLC)1192386819 |
| 040 ## - FUENTE DE CATALOGACIÓN |
| Centro catalogador/agencia de origen |
SpMaBN |
| Lengua de catalogación |
spa |
| Centro/agencia transcriptor |
SpMaBN |
| Normas de descripción |
rda |
| Centro/agencia modificador |
ES-MaACL |
| 080 ## - NÚMERO DE LA CLASIFICACIÓN DECIMAL UNIVERSAL |
| Número de la Clasificación Decimal Universal |
551.583.13"324" |
| 080 ## - NÚMERO DE LA CLASIFICACIÓN DECIMAL UNIVERSAL |
| Número de la Clasificación Decimal Universal |
536.48 |
| 100 1# - ENTRADA PRINCIPAL--NOMBRE DE PERSONA |
| Nombre de persona |
Brunner, Bernd, |
| Fechas asociadas al nombre |
1964- |
| 9 (RLIN) |
236053 |
| Término indicativo de función/relación |
Autor |
| 245 10 - MENCIÓN DEL TÍTULO |
| Título |
Cuando los inviernos eran inviernos : |
| Resto del título |
historia de una estación / |
| Mención de responsabilidad, etc. |
Bernd Brunner ; traducción del alemán de José Aníbal Campos. |
| 250 ## - MENCION DE EDICION |
| Mención de edición |
Primera edición: febrero de 2020 |
| 264 #1 - PRODUCCIÓN, PUBLICACIÓN, DISTRIBUCIÓN, FABRICACIÓN Y COPYRIGHT |
| Producción, publicación, distribución, fabricación y copyright |
Barcelona : |
| Nombre del de productor, editor, distribuidor, fabricante |
Acantilado, |
| Fecha de producción, publicación, distribución, fabricación o copyright |
2020 |
| 264 #4 - PRODUCCIÓN, PUBLICACIÓN, DISTRIBUCIÓN, FABRICACIÓN Y COPYRIGHT |
| Fecha de producción, publicación, distribución, fabricación o copyright |
©2020 |
| 300 ## - DESCRIPCIÓN FÍSICA |
| Extensión |
241 páginas ; |
| Dimensiones |
21 cm |
| 336 ## - TIPO DE CONTENIDO |
| Término de tipo de contenido |
Texto |
| Fuente |
rdacontent |
| 337 ## - TIPO DE MEDIO |
| Nombre/término del tipo de medio |
sin mediación |
| Fuente |
rdamedia |
| 338 ## - TIPO DE SOPORTE |
| Nombre/término del tipo de soporte |
volumen |
| Fuente |
rdacarrier |
| 490 1# - MENCIÓN DE SERIE |
| Mención de serie |
El Acantilado |
| Designación de volumen o secuencia |
399 |
| 500 ## - NOTA GENERAL |
| Nota general |
Traducción de: Als die Winter noch Winter waren: Geschichte einer Jahrszeit |
| 500 ## - NOTA GENERAL |
| Nota general |
Catalogación provisional. N-9957. Depósito J |
| 504 ## - NOTA DE BIBLIOGRAFÍA, ETC. |
| Nota de bibliografía, etc. |
Incluye referencias bibliográficas e índice |
| 520 ## - RESUMEN, ETC. |
| Sumario, etc. |
La historia de las civilizaciones parece mostrar que los seres humanos tenemos una clara preferencia por el calor y rehuimos el frío: el calor se asocia con la vida, mientras que el frío parece unido a la muerte; la primavera es la época del florecimiento; el verano, de la maduración; y el otoño, el melancólico presagio de los arduos meses en que todo muere o aguarda dormido una nueva primavera. Pero existen culturas que han prosperado en condiciones de frío extremo, tan exóticas, ricas y fascinantes como las del trópico. A ellas está dedicado este libro, donde se considera el invierno desde múltiples perspectivas—histórica, biológica, antropológica—y se compendian algunas de sus voluptuosidades, como el enorme placer de deslizarse en esquís sobre una pendiente de nieve virgen, o el de descubrir una cabaña humeante, como una isla en mitad del mar de nieve. Bernd Brunner captura la esencia de una estación, más preciosa aún en la era del cambio climático, que es posible amar pese a sus rigores. |
| 650 #7 - PUNTO DE ACCESO ADICIONAL DE MATERIA--TÉRMINO DE MATERIA |
| Término de materia o nombre geográfico como elemento de entrada |
Invierno |
| Fuente del encabezamiento o término |
embne |
| 9 (RLIN) |
236054 |
| 650 #7 - PUNTO DE ACCESO ADICIONAL DE MATERIA--TÉRMINO DE MATERIA |
| Término de materia o nombre geográfico como elemento de entrada |
Frío |
| Fuente del encabezamiento o término |
embne |
| 9 (RLIN) |
236055 |
| 700 0# - ENTRADA AGREGADA--NOMBRE PERSONAL |
| Nombre de persona |
Campos, José Aníbal |
| 9 (RLIN) |
34246 |
| Término indicativo de función/relación |
Traductor |
| 830 ## - PUNTO DE ACCESO ADICIONAL DE SERIE-TÍTULO UNIFORME |
| 9 (RLIN) |
179782 |
| Título uniforme |
El Acantilado ; |
| Designación de volumen o secuencia |
399 |
| 852 ## - LOCALIZACIÓN |
| Ubicación |
ES-MaACL |
| Ubicación en estantería |
Depósito J |
| Número de control de estantería |
N-9957 |
| Nota libre |
Compra |
| itemnumber |
201969 |
| Encuadernación |
Encuadernación rústica con solapas |
| 942 ## - ELEMENTOS DE ENTRADA SECUNDARIOS (KOHA) |
| Suprimir en OPAC |
No |
| Tipo de ítem Koha |
Libro impreso |